<?xml version="1.0" encoding="UTF-8"?>
<record
    xmlns:xsi="http://www.w3.org/2001/XMLSchema-instance"
    xsi:schemaLocation="http://www.loc.gov/MARC21/slim http://www.loc.gov/standards/marcxml/schema/MARC21slim.xsd"
    xmlns="http://www.loc.gov/MARC21/slim">

  <leader>01917ngm a2200421   4500</leader>
  <controlfield tag="003">dpl</controlfield>
  <controlfield tag="005">20081125102151.0</controlfield>
  <controlfield tag="007">DVD</controlfield>
  <controlfield tag="008">||||||sp199   xxu|||||c |||  00| 0 ng d </controlfield>
  <datafield tag="010" ind1=" " ind2=" ">
    <subfield code="a">DVD-001325-1327</subfield>
  </datafield>
  <datafield tag="024" ind1=" " ind2=" ">
    <subfield code="a">DHIF0662SR</subfield>
    <subfield code="c">45.00</subfield>
  </datafield>
  <datafield tag="035" ind1=" " ind2=" ">
    <subfield code="a">DVD-001325-1327</subfield>
  </datafield>
  <datafield tag="040" ind1=" " ind2=" ">
    <subfield code="a">DPL</subfield>
    <subfield code="c">DPL</subfield>
  </datafield>
  <datafield tag="082" ind1=" " ind2=" ">
    <subfield code="a">DVD / JAAN</subfield>
  </datafield>
  <datafield tag="245" ind1=" " ind2=" ">
    <subfield code="a">Jaane Bhi Do Yaro</subfield>
    <subfield code="c">N. F. D. C. FilmsPresents</subfield>
    <subfield code="h">[videorecording] DVD/</subfield>
  </datafield>
  <datafield tag="246" ind1=" " ind2=" ">
    <subfield code="a">.</subfield>
  </datafield>
  <datafield tag="260" ind1=" " ind2=" ">
    <subfield code="b">Moserbaer Entertainment</subfield>
  </datafield>
  <datafield tag="300" ind1=" " ind2=" ">
    <subfield code="a">1 videodisc DVD;</subfield>
    <subfield code="b">sd., col. ;</subfield>
    <subfield code="c">4 3/4 in.</subfield>
    <subfield code="f">DVD</subfield>
  </datafield>
  <datafield tag="440" ind1=" " ind2=" ">
    <subfield code="a">Moserbaer Home Entertainment</subfield>
  </datafield>
  <datafield tag="500" ind1=" " ind2=" ">
    <subfield code="a">Moserbaer India Ltd. has obtained the necessary licence/conssent from the owner of the copyright in the wroks for making this DVD Film.</subfield>
  </datafield>
  <datafield tag="500" ind1=" " ind2=" ">
    <subfield code="a">Winner of Filmfare Awarad- Best Comedian: Naseeruddin Shah</subfield>
  </datafield>
  <datafield tag="538" ind1=" " ind2=" ">
    <subfield code="a">Dolby Digital 5.1 - Hindi Subtitles: English</subfield>
  </datafield>
  <datafield tag="538" ind1=" " ind2=" ">
    <subfield code="a">This DVD can be played back on DVD Players, multimedia systems &amp; PC with MPEG card interactive with version 2.0 players.</subfield>
  </datafield>
  <datafield tag="650" ind1=" " ind2=" ">
    <subfield code="a">Motion Picture</subfield>
  </datafield>
  <datafield tag="700" ind1=" " ind2=" ">
    <subfield code="a">Shah, Kundan</subfield>
  </datafield>
  <datafield tag="700" ind1=" " ind2=" ">
    <subfield code="a">Bhatia, Vanraj</subfield>
  </datafield>
  <datafield tag="700" ind1=" " ind2=" ">
    <subfield code="a">Shah, Naseeruddin</subfield>
  </datafield>
  <datafield tag="700" ind1=" " ind2=" ">
    <subfield code="a">Baswani, Ravi</subfield>
  </datafield>
  <datafield tag="700" ind1=" " ind2=" ">
    <subfield code="a">Barve, Bhakti</subfield>
  </datafield>
  <datafield tag="700" ind1=" " ind2=" ">
    <subfield code="a">Shah, Satish</subfield>
  </datafield>
  <datafield tag="700" ind1=" " ind2=" ">
    <subfield code="a">Kapoor, Pankaj</subfield>
  </datafield>
  <datafield tag="700" ind1=" " ind2=" ">
    <subfield code="a">Gupta, Neena</subfield>
  </datafield>
  <datafield tag="942" ind1=" " ind2=" ">
    <subfield code="c">CF</subfield>
    <subfield code="2">ddc</subfield>
    <subfield code="h">DVD</subfield>
    <subfield code="m">JAAN</subfield>
  </datafield>
  <datafield tag="999" ind1=" " ind2=" ">
    <subfield code="c">19047</subfield>
    <subfield code="d">19047</subfield>
  </datafield>
  <datafield tag="952" ind1=" " ind2=" ">
    <subfield code="0">0</subfield>
    <subfield code="1">0</subfield>
    <subfield code="2">ddc</subfield>
    <subfield code="4">0</subfield>
    <subfield code="7">0</subfield>
    <subfield code="a">L</subfield>
    <subfield code="b">L</subfield>
    <subfield code="d">2008-11-25</subfield>
    <subfield code="e">Purchase</subfield>
    <subfield code="g">45.00</subfield>
    <subfield code="l">50</subfield>
    <subfield code="m">1</subfield>
    <subfield code="o">DVD JAAN</subfield>
    <subfield code="p">DVD-001325</subfield>
    <subfield code="r">2016-09-03 00:00:00</subfield>
    <subfield code="s">2016-07-21</subfield>
    <subfield code="t">1</subfield>
    <subfield code="v">45.00</subfield>
    <subfield code="w">2008-11-25</subfield>
    <subfield code="y">CF</subfield>
  </datafield>
  <datafield tag="952" ind1=" " ind2=" ">
    <subfield code="0">0</subfield>
    <subfield code="1">0</subfield>
    <subfield code="2">ddc</subfield>
    <subfield code="4">0</subfield>
    <subfield code="7">0</subfield>
    <subfield code="a">ZLS</subfield>
    <subfield code="b">ZLS</subfield>
    <subfield code="d">2008-11-25</subfield>
    <subfield code="e">Purchase</subfield>
    <subfield code="g">45.00</subfield>
    <subfield code="l">29</subfield>
    <subfield code="m">1</subfield>
    <subfield code="o">DVD JAAN</subfield>
    <subfield code="p">DVD-001326</subfield>
    <subfield code="r">2015-06-15 00:00:00</subfield>
    <subfield code="s">2015-06-05</subfield>
    <subfield code="t">1</subfield>
    <subfield code="v">45.00</subfield>
    <subfield code="w">2008-11-25</subfield>
    <subfield code="y">CF</subfield>
  </datafield>
  <datafield tag="952" ind1=" " ind2=" ">
    <subfield code="0">0</subfield>
    <subfield code="1">0</subfield>
    <subfield code="2">ddc</subfield>
    <subfield code="4">0</subfield>
    <subfield code="7">0</subfield>
    <subfield code="a">BL1</subfield>
    <subfield code="b">BL1</subfield>
    <subfield code="d">2008-11-25</subfield>
    <subfield code="e">Purchase</subfield>
    <subfield code="g">45.00</subfield>
    <subfield code="l">25</subfield>
    <subfield code="m">1</subfield>
    <subfield code="o">DVD JAAN</subfield>
    <subfield code="p">DVD-001327</subfield>
    <subfield code="r">2014-07-05 00:00:00</subfield>
    <subfield code="s">2014-05-06</subfield>
    <subfield code="t">1</subfield>
    <subfield code="v">45.00</subfield>
    <subfield code="w">2008-11-25</subfield>
    <subfield code="y">CF</subfield>
  </datafield>
</record>
